[Event "RUS-Cup06"]
[Site "Nizhnij Novgorod"]
[Date "1998.07.04"]
[Round "6"]
[White "Kuporosov, Viktor"]
[Black "Rustemov, Alexander"]
[Result "1/2-1/2"]
[WhiteElo "2500"]
[BlackElo "2575"]

1.Nf3 d5 2.g3 Bg4 3.Bg2 Nd7 4.d3 Ngf6 5.O-O c6 6.Nbd2 e5 7.e4 dxe4 8.dxe4 Be7
9.c3 O-O 10.Qc2 Qc7 11.Nc4 Rfd8 12.h3 Bh5 13.a4 Ne8 14.Be3 f6 15.Rfd1 Bf7
16.Bf1 b5 17.Ncd2 a6 18.c4 Qb7 19.c5 Nc7 20.b4 Ne6 21.Nb3 Ndf8 22.Na5 Qc7
23.axb5 axb5 24.Be2 Rxd1+ 25.Bxd1 Nd8 26.Qc3 Nfe6 27.Kh2 Ra6 28.Nd2 Nb7 29.Nab3 Na5
30.Nxa5 Qc8 31.Bb3 Bd8 32.Rd1 Bxa5 33.bxa5 Nd8 34.f4 exf4 35.Bxf4 Bxb3 36.Qxb3+ Nf7
37.e5 fxe5 38.Bxe5 Ra7 39.Bc3 h6 40.Re1 Qf5 41.Re2 Re7  1/2-1/2

[Event "NOR-ch"]
[Site "Oslo"]
[Date "1998.07.04"]
[Round "1"]
[White "Dannevig, Oystein"]
[Black "Tjomsland, Stig"]
[Result "0-1"]
[WhiteElo "2325"]
[BlackElo "2255"]

1.Nf3 d5 2.g3 b6 3.Bg2 Bb7 4.O-O e6 5.d4 Nf6 6.Ne5 Bd6 7.c4 O-O 8.Nc3 Nbd7
9.Bf4 Ne4 10.Nxe4 dxe4 11.Qa4 Bxe5 12.dxe5 Qe7 13.Rad1 Rfd8 14.h4 h6 15.h5 f5
16.exf6 Nxf6 17.Rxd8+ Rxd8 18.Qxa7 e5 19.Be3 Bc6 20.Bxb6 Rd7 21.Bc5 Qe8 22.Qa6 Rd8
23.Qa5 Qf7 24.Re1 Ra8 25.Qc3 Qxh5 26.a3 Re8 27.b4 Ng4 28.e3 Re6 29.Qc2 Rf6
30.Re2 Qh2+ 31.Kf1 Qxg3 32.b5 Nh2+ 33.Ke1 Qxg2 34.bxc6 Nf3+  0-1

[Event "RUS-Cup06"]
[Site "Nizhnij Novgorod"]
[Date "1998.07.06"]
[Round "8"]
[White "Kuporosov, Viktor"]
[Black "Yagupov, Igor"]
[Result "1/2-1/2"]
[WhiteElo "2500"]
[BlackElo "2450"]

1.Nf3 d5 2.g3 Bg4 3.Bg2 Nd7 4.d3 Ngf6 5.O-O c6 6.Nbd2 e5 7.e4 dxe4 8.dxe4 Be7
9.h3 Bh5 10.Qe1 O-O 11.Nc4 Qc7 12.Bd2 Rfe8 13.Bc3 Bf8 14.Rd1 b5 15.Ba5 Nb6
16.Ncd2 Nfd7 17.Nb3 Qb7 18.Bd2 Nc4 19.Na5 Nxa5 20.Bxa5 f6 21.b3 Nc5 22.Qe3 Qa6
23.Bb4 Qb6 24.Rfe1 a5 25.Bd2 Qc7 26.Bc1 Ne6 27.c3 Red8 28.Qe2 Nc5 29.Qc2 Rxd1
30.Rxd1 Rd8 31.Rxd8 Qxd8 32.Be3 Qd3 33.Qxd3 Nxd3 34.Bf1 Nc5 35.Nd2 Bf7 36.Be2 Be6
37.h4 Nd7 38.f3 Bc5 39.Kf2 Kf7 40.f4 Ke7 41.Bxc5+ Nxc5 42.Ke3 a4 43.b4 Nb3
44.Nxb3  1/2-1/2

[Event "Politiken Cup"]
[Site "Copenhagen"]
[Date "1998.07.14"]
[Round "10"]
[White "Lyrberg, Patrik"]
[Black "Lauritsen, Niels"]
[Result "1-0"]
[WhiteElo "2430"]
[BlackElo "2205"]

1.Nf3 d5 2.g3 g6 3.Bg2 Bg7 4.O-O e5 5.d3 Ne7 6.c4 dxc4 7.dxc4 O-O 8.Nc3 Nbc6
9.Bg5 h6 10.Bxe7 Nxe7 11.Qb3 c6 12.Rfd1 Qc7 13.Ne4 Kh7 14.Rac1 Rb8 15.Qa3 b6
16.b4 Be6 17.c5 b5 18.Rd6 Bd5 19.Nf6+ Bxf6 20.Rxf6 Rbd8 21.Qb2 Bxf3 22.Rxf3 e4
23.Rf6 Nd5 24.Bxe4 Nxf6 25.Qxf6 Rfe8 26.Qxc6 Qxc6 27.Bxc6 Rxe2 28.Bxb5 Re7
29.Bf1 Rc7 30.b5 Kg7 31.a4 Kf6 32.a5 Rb8 33.Rc4 Ke5 34.b6 axb6 35.axb6  1-0

[Event "St Veit op 17th"]
[Site "St Veit"]
[Date "1998.07.17"]
[Round "7"]
[White "Kiss, Attila"]
[Black "Kovacevic, Blazimir"]
[Result "0-1"]
[WhiteElo "2405"]
[BlackElo "2440"]

1.Nf3 d5 2.g3 c6 3.Bg2 Bg4 4.O-O Nd7 5.d4 e6 6.Nbd2 f5 7.Ne1 Ngf6 8.Nd3 Bd6
9.Nf3 O-O 10.Bf4 Bxf4 11.Nxf4 Bxf3 12.Bxf3 Qe7 13.Nd3 e5 14.dxe5 Nxe5 15.Nxe5 Qxe5
16.Qc1 Rad8 17.e3 Ne4 18.Rd1 b5 19.c3 g5 20.Bg2 Rd6 21.Qc2 Nc5 22.Re1 Qf6
23.Rad1 Re6 24.Qd2 f4 25.exf4 gxf4 26.Rxe6 Nxe6 27.Re1 Ng5 28.Qxf4 Qxf4 29.gxf4 Rxf4
30.Re8+ Rf8 31.Re5 Nf7 32.Re7 a5 33.Bf1 Ng5 34.Bd3 Nh3+ 35.Kf1 Rxf2+ 36.Ke1 Rxb2
37.Bxh7+ Kf8 38.Rc7 Ng5 39.Bf5 Nf3+ 40.Kd1 Ne5 41.Bc2 Rxa2 42.Kc1 Ra1+ 43.Bb1 Ra4
44.Ra7 Rf4 45.h4 Rf1+ 46.Kb2 Nc4+ 47.Ka2 Rf2+ 48.Ka1 Nd2 49.Bc2 Ne4 50.Kb2 a4
51.Rc7 Ke8 52.h5 Rh2 53.h6 Rxh6 54.c4 bxc4 55.Bxa4  0-1

[Event "Saitek US Masters"]
[Site "Hawaii"]
[Date "1998.07.21"]
[Round "1"]
[White "Datu, Idelfonso"]
[Black "Blatny, Pavel"]
[Result "0-1"]
[WhiteElo "2335"]
[BlackElo "2520"]

1.Nf3 d5 2.g3 Bg4 3.Bg2 Nd7 4.O-O c6 5.d3 g6 6.Nbd2 Bg7 7.h3 Bxf3 8.Bxf3 e6
9.e4 Ne7 10.Bg2 O-O 11.Qe2 Qc7 12.c3 Rad8 13.Nb3 Rfe8 14.Bf4 Qb6 15.Be3 c5
16.exd5 exd5 17.Qc2 h6 18.c4 dxc4 19.dxc4 Nf5 20.Bd2 Nd4 21.Nxd4 cxd4 22.Rae1 Ne5
23.b4 d3 24.Qa4 Qd4 25.c5 a5 26.Bxb7 Qb2 27.Bf4 axb4 28.Rb1 Qa3 29.Qxb4 Qxb4
30.Rxb4 d2 31.Rbb1 g5 32.c6 gxf4 33.c7 fxg3 34.cxd8=Q Rxd8 35.fxg3 Nc4 36.Bf3 Ne3
37.Kf2 Nxf1 38.Rxf1 Re8 39.Rd1 Bd4+ 40.Kg2 Bc3 41.Kf2 Kg7 42.Bd5 Kf6 43.Kf3 Ke5
44.Bb3 Kd4 45.Bc2 Ba5 46.h4 Re3+ 47.Kf2 h5 48.Bb3 Re5 49.Kg2 Re1 50.Kf3 Kd3
51.Ba4 Re5 52.Rb1 Re3+ 53.Kf2 Re1 54.Bd1 Bc3 55.a4 Bd4+ 56.Kg2 Rg1+ 57.Kf3 Rf1+
58.Kg2 Rf2+ 59.Kh3 Rf5 60.Rb3+ Bc3 61.Rb5 Rf1 62.Bxh5 d1=Q 63.Bxd1 Rxd1 64.Rf5 f6
65.Rf3+ Kc4 66.Kg4 Rd5 67.h5 Rg5+ 68.Kh4 Rg8 69.Rf4+ Kd5 70.Rg4 Rh8 71.Rg6 Ke6
72.h6 Bd2 73.Kh5 Rh7 74.g4 Bf4 75.a5 Bd2 76.a6 Bf4 77.g5 Bxg5 78.Rxg5 fxg5
79.Kg6 Ra7 80.h7 Ra8 81.Kg7 Kd6  0-1

[Event "RUS-Cup07"]
[Site "Tomsk"]
[Date "1998.07.22"]
[Round "8"]
[White "Lopushnoy, Denis"]
[Black "Tregubov, Pavel V"]
[Result "1-0"]
[WhiteElo "2390"]
[BlackElo "2560"]

1.Nf3 d5 2.g3 c5 3.Bg2 g6 4.c4 d4 5.b4 cxb4 6.a3 bxa3 7.Bxa3 Bg7 8.d3 Nc6
9.Nbd2 Nh6 10.h4 Qc7 11.Nb3 O-O 12.h5 Rd8 13.Bc1 Ng4 14.hxg6 hxg6 15.Kf1 b6
16.Bd2 Bd7 17.Qc1 Rac8 18.Rh4 Bf6 19.Bg5 Kg7 20.Bh6+ Kg8 21.Bg5 Kg7 22.Bh6+ Kg8
23.Bf4 Nce5 24.Nxe5 Nxe5 25.Bg5 Bg7 26.Bxe7 Re8 27.Bg5 Bc6 28.Nxd4 Bxg2+
29.Kxg2 a6 30.Bh6 Bf6 31.Bg5 Bg7 32.Rb1 Nc6 33.e3 Qd7 34.Rxb6 Rb8 35.Rxb8 Rxb8
36.Nxc6 Qxc6+ 37.e4 Qd7 38.Qe3 Rb3 39.Qc5 Rxd3 40.Bh6 Bxh6 41.Rxh6 Qg4 42.Rh4 Qf3+
43.Kh2 Qf6 44.Rf4 Qd4 45.Qc8+ Kg7 46.Qc7  1-0

[Event "Szeged TT07 IM"]
[Site "Szeged"]
[Date "1998.07.23"]
[Round "8"]
[White "Ianov, Viktor"]
[Black "Dupsky, Laszlo"]
[Result "1/2-1/2"]
[WhiteElo "2350"]
[BlackElo "2285"]

1.Nf3 d5 2.g3 c5 3.Bg2 Nc6 4.d4 e6 5.O-O Nf6 6.c4 Be7 7.Nc3 O-O 8.cxd5 exd5
9.b3 Ne4 10.Bb2 Bf6 11.Na4 b6 12.Rc1 Ba6 13.Re1 Re8 14.Bf1 c4 15.e3 b5 16.Nc3 Nxc3
17.Rxc3 Bc8 18.bxc4 dxc4 19.Bg2 Rb8 20.a3 Bg4 21.h3 Bxf3 22.Bxf3 Qd6 23.Rc1 Re7
24.Qc2 Rbe8 25.Red1 g6 26.Bg2 a6 27.h4 h5 28.Rb1 Rc7 29.Qd2 Rec8 30.Rbc1 Rd8
31.f4 Rcd7 32.Kh2 Bg7 33.Rc2 f5 34.a4 Re8 35.axb5 axb5 36.Ra1 Ne7 37.Ba3 Qe6
38.Re1 Nd5 39.e4 fxe4 40.Rxe4 Qf7 41.Rxe8+ Qxe8 42.Bc5 Ne3 43.Ra2 Kh7 44.Bh3 Qe4
45.d5 Ng4+ 46.Bxg4 Rxd5 47.Qe2 Qxe2+ 48.Bxe2 Rxc5 49.Rc2 c3 50.Bd1 b4 51.Ra2 Bd4
52.Bc2 Rb5 53.Bb3 Be3 54.Kg2 Bc1 55.Ra7+ Kh8 56.Rc7 Rb6 57.Kf3 Rd6 58.Ke4 Rd2
59.Ke5 Bb2 60.Ke6  1/2-1/2

[Event "Saitek US Masters"]
[Site "Hawaii"]
[Date "1998.07.25"]
[Round "5"]
[White "Martinez, Marce"]
[Black "Ippolito, Dean"]
[Result "1-0"]
[WhiteElo "2270"]
[BlackElo "2430"]

1.Nf3 d5 2.g3 Bg4 3.Bg2 Nd7 4.O-O c6 5.d3 Ngf6 6.Nbd2 e5 7.e4 dxe4 8.dxe4 Be7
9.h3 Bh5 10.Qe2 O-O 11.b3 Ne8 12.Bb2 f6 13.Nc4 Qc7 14.Ne3 Nd6 15.Nf5 Nxf5
16.exf5 Rfe8 17.g4 Bf7 18.Nd2 Nc5 19.Ne4 Bd5 20.Bc3 Qb6 21.Bd2 Nxe4 22.Bxe4 Qd4
23.Bxd5+ cxd5 24.Rad1 Qc5 25.c4 d4 26.Rfe1 a5 27.Qd3 Qc6 28.Re4 Bd6 29.Rde1 Qd7
30.Kf1 Qf7 31.a4 g5 32.Kg2 Kg7 33.Rh1 Rh8 34.Qf3 b6 35.h4 h6 36.Ree1 Rae8
37.Qe4 Rb8 38.Rh3 Qb7 39.Kf3 Qe7 40.hxg5 hxg5 41.Reh1 Bc7 42.Bxg5 Rxh3+ 43.Rxh3 Rh8
44.Rxh8 Kxh8 45.Bd2 Qc5 46.Qa8+ Kh7 47.Qe8 Qd6 48.Qf7+ Kh8 49.Bh6 e4+ 50.Ke2 d3+
51.Kd1  1-0

[Event "RUS-ch51"]
[Site "St Petersburg"]
[Date "1998.07.28"]
[Round "1"]
[White "Filippov, Valerij"]
[Black "Landa, Konstantin"]
[Result "1/2-1/2"]
[WhiteElo "2595"]
[BlackElo "2520"]

1.Nf3 d5 2.g3 Bg4 3.Bg2 Nd7 4.c4 e6 5.cxd5 exd5 6.O-O Ngf6 7.Nc3 c6 8.d3 Bc5
9.e4 O-O 10.exd5 cxd5 11.Qb3 Bxf3 12.Bxf3 Ne5 13.Bg2 Nxd3 14.Nxd5 Nxd5 15.Qxd3 Nb4
16.Qf5 Qb6 17.a3 Nc6 18.b4 Bd4 19.Rb1 Rae8 20.Bf4 Re2 21.Bd6 Ne7 22.Bxe7  1/2-1/2

[Event "Oberwart op"]
[Site "Oberwart"]
[Date "1998.07.29"]
[Round "5"]
[White "Lendwai, Reinhard"]
[Black "Zilberman, Yaacov"]
[Result "1/2-1/2"]
[WhiteElo "2375"]
[BlackElo "2520"]

1.Nf3 d5 2.g3 c6 3.Bg2 Bg4 4.b3 Nd7 5.Bb2 Ngf6 6.d3 g6 7.Nbd2 Bg7 8.c4 O-O
9.O-O Re8 10.Ne5 Nxe5 11.Bxe5 Qd7 12.Re1 Bh3 13.Rc1 Bxg2 14.Kxg2 Red8 15.Nf3 Rac8
16.cxd5  1/2-1/2

[Event "RUS-ch51"]
[Site "St Petersburg"]
[Date "1998.07.29"]
[Round "2"]
[White "Rustemov, Alexander"]
[Black "Volkov, Sergey"]
[Result "0-1"]
[WhiteElo "2570"]
[BlackElo "2605"]

1.Nf3 d5 2.g3 c6 3.Bg2 Bg4 4.b3 Nd7 5.Bb2 Ngf6 6.O-O a5 7.a3 e6 8.d3 Bd6
9.e4 Ne5 10.Nbd2 dxe4 11.dxe4 Qc7 12.Qe2 Rd8 13.Qe3 Bxf3 14.Bxf3 O-O 15.Rad1 b5
16.Be2 Qe7 17.a4 Rb8 18.Ra1 Rfd8 19.Rfd1 Bc7 20.Nf1 Rxd1 21.Bxd1 Neg4 22.Bxg4 Nxg4
23.Qe2 Qg5 24.Kg2 h5 25.f3 Nf6 26.Qe3 Qxe3 27.Nxe3 Rd8 28.Bc3 Bb6 29.Kf2 h4
30.Ke2 Nh5 31.Nf1 f5 32.axb5 cxb5 33.Bxa5 Ra8 34.b4 fxe4 35.fxe4 Bd4 36.Rc1 Rf8
37.c4 bxc4 38.Rxc4 e5 39.Ke1 h3 40.Rc2 Nf6 41.Bc7 Nxe4 42.b5 Rf3 43.b6 Rb3
44.Nd2 Re3+ 45.Kf1 Nxg3+ 46.hxg3 Re1+ 47.Kxe1 h2 48.Nf1 h1=Q 49.Re2 Qf3 50.g4 Bc3+
51.Nd2 Qxg4 52.Kd1 Qa4+ 53.Ke1 Qa1+ 54.Kf2 Bd4+ 55.Kg3 Qa6 56.b7 Qxb7 57.Bxe5 Qb5
58.Nf3 Qxe2 59.Bxd4 Qe4 60.Bf2 Qf5 61.Be3 Kh7 62.Bf4 Qb5 63.Kg4 Kg6 64.Ne5+ Kf6
65.Nf3 Qf5+ 66.Kg3 Qg6+ 67.Kf2 Qg4 68.Ke3 Ke6 69.Nd4+ Kd5 70.Nf3 Qg2 71.Ng5 Qf1
72.Nf3 Qc1+ 73.Nd2 Qc3+ 74.Kf2 Qf6 75.Kg3 g5 76.Be3 Qe5+ 77.Kf2 Qh2+ 78.Kf3 Qh3+
79.Kf2 g4 80.Bf4 Qd3 81.Kg2 Ke6 82.Kf2 Kf5 83.Bh6 g3+  0-1

[Event "RUS-ch51"]
[Site "St Petersburg"]
[Date "1998.07.29"]
[Round "2"]
[White "Pigusov, Evgeny"]
[Black "Lugovoi, Aleksei"]
[Result "1/2-1/2"]
[WhiteElo "2605"]
[BlackElo "2525"]

1.Nf3 d5 2.g3 c6 3.Bg2 Bg4 4.c4 e6 5.cxd5 Bxf3 6.Bxf3 cxd5 7.Nc3 Nc6 8.O-O Nf6
9.d3 Be7 10.a3 O-O 11.Bg2 Nd7 12.Bd2 Bf6 13.Rc1  1/2-1/2

[Event "RUS-ch51"]
[Site "St Petersburg"]
[Date "1998.07.31"]
[Round "4"]
[White "Pigusov, Evgeny"]
[Black "Sherbakov, Ruslan"]
[Result "1/2-1/2"]
[WhiteElo "2605"]
[BlackElo "2555"]

1.Nf3 d5 2.g3 c6 3.Bg2 Bg4 4.c4 e6 5.O-O Nd7 6.d3 Bxf3 7.Bxf3 dxc4 8.dxc4 Ne5
9.Nd2 Nxf3+ 10.Nxf3 Qxd1 11.Rxd1 Nf6 12.Be3 Be7 13.Rd3 O-O 14.Rb3 b6 15.a4 Nd7
16.Rd1 Rad8 17.Rbd3 Nb8 18.Bf4 Na6 19.Bd6 Bxd6 20.Rxd6 Rxd6 21.Rxd6 Nb8 22.Ne5 Rc8
23.Nd7 Na6 24.Ne5 Nb8 25.Nd7 Na6 26.Ne5  1/2-1/2

[Event "Hans & Lenze"]
[Site "Lippstadt"]
[Date "1998.08.01"]
[Round "3"]
[White "Matthias, Heiner"]
[Black "Pavasovic, Dusko"]
[Result "1-0"]
[WhiteElo "2355"]
[BlackElo "2505"]

1.Nf3 d5 2.g3 Bg4 3.Bg2 Nd7 4.c4 c6 5.b3 e5 6.cxd5 cxd5 7.Bb2 Bd6 8.Nc3 Ne7
9.O-O a6 10.h3 Bh5 11.Ne1 Nf6 12.g4 Bg6 13.g5 Ne4 14.Nxe4 dxe4 15.e3 Nc6
16.Qg4 h5 17.gxh6 Rxh6 18.f4 f5 19.Qe2 exf4 20.exf4 Qb6+ 21.Kh1 O-O-O 22.Rc1 Qc7
23.Qe3 Bh5 24.d3 Bf3 25.Nxf3 Bxf4 26.Qf2 Bxc1 27.Rxc1 exf3 28.Qxf3 Qd7 29.d4 Kb8
30.d5 Nb4 31.Qf4+ Ka8 32.Qxb4 f4 33.Qxf4 Rxh3+ 34.Kg1 Rdh8 35.d6 Rd3 36.Be5 Qb5
37.a4 Qb6+ 38.Qf2 Rxd6 39.Bxd6 Qxd6 40.Re1 g5 41.Qf3 Qb6+ 42.Qe3 Qh6 43.Re2 Qh2+
44.Kf1 Rf8+ 45.Rf2 Qd6 46.Rxf8+ Qxf8+ 47.Ke2 Qb4 48.Bd5 Qa3 49.Qxg5 Qb2+
50.Kd3 Qb1+ 51.Kd4 Qb2+ 52.Kc5 Qc3+ 53.Kd6 Ka7 54.Qg1+ Kb8 55.Qg8+ Ka7 56.Qf7 Qb4+
57.Kd7 Qb6 58.Ke8 Qb4 59.Qxb7+  1-0

[Event "Stockholm op (Women)"]
[Site "Stockholm"]
[Date "1998.08.01"]
[Round "1"]
[White "Rause, Olita"]
[Black "Berg, Susanne"]
[Result "1/2-1/2"]
[WhiteElo "2290"]
[BlackElo "2080"]

1.Nf3 d5 2.g3 c5 3.Bg2 Nc6 4.O-O Bg4 5.h3 Bh5 6.c4 d4 7.d3 e6 8.a3 Bd6 9.b4 Nf6
10.bxc5 Bxc5 11.Nbd2 O-O 12.Nb3 Be7 13.Bb2 e5 14.Nh4 Nd7 15.Nf5 Bg6 16.Nxe7+ Qxe7
17.Qd2 Nc5 18.Nxc5 Qxc5 19.a4 Qb6 20.a5 Qc7 21.a6 b6 22.Ba3 Rfe8 23.Qc2 Rad8
24.Rac1 Qc8 25.Qa4 Nb8 26.Ra1  1/2-1/2

[Event "Quebec op"]
[Site "Montreal"]
[Date "1998.08.02"]
[Round "9"]
[White "Kosic, Dragan"]
[Black "Hasanov, Marat"]
[Result "1-0"]
[WhiteElo "2500"]
[BlackElo "2265"]

1.Nf3 d5 2.g3 c6 3.Bg2 Bg4 4.O-O Nd7 5.d3 h5 6.Nbd2 e6 7.h3 Bxf3 8.Nxf3 Be7
9.c4 Ngf6 10.Rb1 O-O 11.b4 a6 12.Qc2 g6 13.e4 dxe4 14.dxe4 Qc7 15.Bb2 Rfd8
16.c5 Bf8 17.Rfd1 a5 18.a3 axb4 19.axb4 Bg7 20.Rd2 b6 21.cxb6 Qxb6 22.Rbd1 Ra2
23.Qc4 Rda8 24.Ng5 Nf8 25.Bd4 Rxd2 26.Rxd2 Qa6 27.Qc2 Qa3 28.Qxc6 Qxb4 29.Bc3 Qa4
30.e5 Qxc6 31.Bxc6 Rc8 32.exf6 Rxc6  1-0

[Event "MK Cafe Cup-A"]
[Site "Koszalin"]
[Date "1998.08.03"]
[Round "1"]
[White "Markowski, Tomasz"]
[Black "Sapis, Witalis"]
[Result "1/2-1/2"]
[WhiteElo "2525"]
[BlackElo "2385"]

1.g3 d5 2.Nf3 Nf6 3.Bg2 c6 4.O-O Bf5 5.d3 h6 6.c4 e6 7.cxd5 exd5 8.Be3 Bd6
9.Qb3 Qe7 10.Bd4 Bc8 11.e4 dxe4 12.dxe4 Bc5 13.Nc3 O-O 14.Rad1 Na6 15.e5 Bxd4
16.Rxd4 Nd7 17.Re1 Nb6 18.Ne4 Be6 19.Qe3 Nd5 20.Qd2 Nac7 21.Nd6 Ne8 22.Nc4 Nec7
23.Nd6 Ne8 24.Nxe8 Rfxe8 25.Rd1 Nb6 26.b3 Bd5 27.Re1 Qc7 28.Qa5 Re7 29.Rd3 Rae8
30.Rde3 Qb8 31.Nd2 Bxg2 32.Kxg2 Nd5  1/2-1/2

[Event "Hans & Lenze"]
[Site "Lippstadt"]
[Date "1998.08.03"]
[Round "5"]
[White "Prusikin, Mikhajlo"]
[Black "Pavasovic, Dusko"]
[Result "1/2-1/2"]
[WhiteElo "2430"]
[BlackElo "2505"]

1.Nf3 d5 2.g3 Bg4 3.Bg2 Nd7 4.O-O c6 5.d3 Ngf6 6.Nbd2 e5 7.e4 dxe4 8.dxe4 Be7
9.Qe1 O-O 10.h3 Bh5 11.Nc4 Qc7 12.a4 Rfe8 13.b3 Bg6 14.Nh4 Bc5 15.Nxg6 hxg6
16.b4 Bf8 17.Be3 b5 18.Nb2 a6 19.Qc3 Rec8 20.Nd3 a5 21.bxa5 Qxa5 22.Qxa5 Rxa5
23.axb5 Rxa1 24.Rxa1 cxb5 25.Rb1 Rxc2  1/2-1/2

[Event "RUS-ch51"]
[Site "St Petersburg"]
[Date "1998.08.03"]
[Round "7"]
[White "Khalifman, Alexander"]
[Black "Yakovich, Yuri"]
[Result "1/2-1/2"]
[WhiteElo "2645"]
[BlackElo "2560"]

1.Nf3 d5 2.g3 c6 3.Bg2 Bg4 4.c4 e6 5.cxd5 exd5 6.O-O Nf6 7.d3 Be7 8.h3 Bh5
9.Nd4 Bc5 10.Nf5 O-O 11.Qc2 Bb6 12.Nc3 Na6 13.a3 Nc5 14.b4 Ne6 15.Na4 Bg6
16.Nxb6 axb6 17.Nh4 d4 18.Bb2 Nd5 19.Nf3 Ndc7 20.Ne5 b5 21.e4 dxe3 22.fxe3 Qd6
23.Rad1 Rad8 24.Qf2 f6 25.Nxg6 hxg6 26.Kh2 Rd7 27.Qe2 f5 28.h4 Re7 29.Qd2 Nd5
30.e4 Nf6 31.Bxf6 Rxf6 32.d4 fxe4 33.Rxf6 gxf6 34.Bxe4 g5 35.Bf3 Nc7 36.d5 Nxd5
37.Bxd5+ cxd5 38.Qxd5+ Qxd5 39.Rxd5 Re2+ 40.Kh3 Re3 41.Kg2 Rxa3 42.Rxb5 Kg7
43.Rxb7+ Kh6 44.b5  1/2-1/2

[Event "MK Cafe Cup-A"]
[Site "Koszalin"]
[Date "1998.08.04"]
[Round "2"]
[White "Kengis, Edvins"]
[Black "Pyda, Zbigniew"]
[Result "1-0"]
[WhiteElo "2570"]
[BlackElo "2405"]

1.Nf3 d5 2.g3 c5 3.Bg2 Nc6 4.d4 Nf6 5.O-O e6 6.c4 dxc4 7.Ne5 Bd7 8.Na3 cxd4
9.Naxc4 Bc5 10.Qb3 O-O 11.Bf4 Nd5 12.Qxb7 Nxe5 13.Nxe5 Ba4 14.Bxd5 exd5 15.Nd3 Bb6
16.b3 Bb5 17.a4 Bxd3 18.exd3 Rc8 19.b4 a5 20.Rab1 Re8 21.bxa5 Bxa5 22.Rb5 Bc3
23.Rxd5 Qf6 24.a5 Ra8 25.Rd6 Qf5 26.a6 Qa5 27.Rc6 h6 28.h4 Qa2 29.h5 Qd5
30.Rc8 Qxb7 31.Rxe8+ Kh7 32.axb7  1-0

[Event "MK Cafe Cup-A"]
[Site "Koszalin"]
[Date "1998.08.05"]
[Round "3"]
[White "Markowski, Tomasz"]
[Black "Payen, Arnaud"]
[Result "1-0"]
[WhiteElo "2525"]
[BlackElo "2420"]

1.Nf3 d5 2.g3 Nf6 3.Bg2 c6 4.O-O Bf5 5.d3 e6 6.c4 h6 7.cxd5 exd5 8.Be3 Bd6
9.Qb3 Qc8 10.Nc3 Nbd7 11.Rac1 O-O 12.Nb5 Bb8 13.Qa3 Ne5 14.Nxe5 Bxe5 15.Nd6 Qd7
16.Nxf5 Qxf5 17.Qb3 Rfb8 18.Bd2 Qd7 19.Qc2 Re8 20.e3 Rad8 21.b4 a6 22.Qb3 Re7
23.a4 Rc8 24.Rc2 Qe6 25.Rfc1 Rec7 26.Qa2 Qf5 27.Qb3 Qe6 28.Be1 b6 29.f4 Bd6
30.e4 Ng4 31.Bh3 h5 32.e5 Be7 33.d4 c5 34.Bg2 Qd7 35.h3 Nh6 36.dxc5 bxc5
37.Qxd5 Qxa4 38.bxc5 Rd7 39.Qe4 Rd4 40.Qb7 Rxc5 41.Rxc5 Bxc5 42.Rxc5 Qd1
43.Kf1 Qd3+ 44.Kf2 h4 45.Qf3 hxg3+ 46.Kxg3 Qb1 47.Qe2 Qg6+ 48.Kh2 Rxf4 49.Rc6  1-0

[Event "North Bay op"]
[Site "North Bay"]
[Date "1998.08.05"]
[Round "1"]
[White "Campbell, Brett"]
[Black "Serper, Grigory"]
[Result "0-1"]
[WhiteElo "2200"]
[BlackElo "2535"]

1.Nf3 d5 2.g3 c5 3.Bg2 Nc6 4.O-O e5 5.d3 Nge7 6.e4 d4 7.Nbd2 Ng6 8.a4 h5
9.h3 h4 10.g4 Nf4 11.Nc4 Nxg2 12.Kxg2 f6 13.Ng1 Be6 14.b3 g5 15.Bd2 Be7 16.Qe2 Kf7
17.Ra2 Qc7 18.Rfa1 b6 19.Nf3 Kg7 20.Ne1 Rab8 21.f3 a6 22.Kh1 b5 23.axb5 axb5
24.Nb2 Rhc8 25.Kg2 Rb7 26.Ra6 Qd7 27.Kg1 Nd8 28.Qd1 Nf7 29.Kh2 Nd6 30.Qe2 c4
31.bxc4 bxc4 32.Nd1 Rcc7 33.R6a4 c3 34.Bc1 Ra7 35.Rxa7 Rxa7 36.Rxa7 Qxa7
37.Nf2 Qa1 38.Qd1 Nb5 39.Kg2 Ba3 40.Bxa3 Qxd1 41.Nxd1 Nxa3 42.Kf2 Ba2 43.Ke2 Bb1
44.Nf2 Nxc2 45.Nxc2 Bxc2  0-1

[Event "MK Cafe Cup-A"]
[Site "Koszalin"]
[Date "1998.08.06"]
[Round "4"]
[White "Kveinys, Aloyzas"]
[Black "Kunte, Abhijit"]
[Result "1/2-1/2"]
[WhiteElo "2545"]
[BlackElo "2505"]

1.g3 d5 2.Nf3 Nf6 3.Bg2 c6 4.O-O Bg4 5.d3 Nbd7 6.Nbd2 e5 7.e4 Bd6 8.h3 Bh5
9.Qe1 O-O 10.Nh4 Re8 11.Nf5 Bf8 12.Nf3 Nc5 13.N3h4 Ne6 14.Bd2 Qc7 15.Ba5 b6
16.Bc3 dxe4 17.dxe4 Nd7 18.Bf3 Bxf3 19.Nxf3 g6 20.Ne3 Nd4 21.Qd1 Bg7 22.Bd2 Nc5
23.c3 Nxf3+ 24.Qxf3 Qd7 25.Rfd1 Qxh3 26.Ng4 Ne6 27.Be3 Rad8 28.Rxd8 Nxd8
29.a4 h5  1/2-1/2

[Event "MK Cafe Cup-A"]
[Site "Koszalin"]
[Date "1998.08.06"]
[Round "4"]
[White "Kengis, Edvins"]
[Black "Izeta Txabarri, Felix"]
[Result "1/2-1/2"]
[WhiteElo "2570"]
[BlackElo "2445"]

1.Nf3 d5 2.g3 Nc6 3.d4 Bf5 4.Bg2 Nb4 5.Na3 c6 6.O-O h6 7.c3 Na6 8.Nc2 e6
9.Nd2 Nf6 10.Re1 Be7 11.e4 dxe4 12.Nxe4 Nxe4 13.Bxe4 Bxe4 14.Rxe4 O-O 15.Qh5 Kh7
16.Bd2 Nc7 17.Qf3 Nd5 18.Rae1 Bg5 19.Bxg5 Qxg5 20.c4 Nf6 21.Rf4 Kg8 22.Nb4 Rad8
23.Re5 Qg6 24.Qe3 Rd6  1/2-1/2

[Event "MK Cafe Cup-A"]
[Site "Koszalin"]
[Date "1998.08.07"]
[Round "5"]
[White "Murdzia, Piotr"]
[Black "Kuczynski, Robert"]
[Result "1/2-1/2"]
[WhiteElo "2405"]
[BlackElo "2470"]

1.Nf3 d5 2.g3 c6 3.Bg2 Bg4 4.O-O Nd7 5.d3 Ngf6 6.h3 Bh5 7.c4 e6 8.cxd5 exd5
9.Be3 Be7 10.Qb3 Qc8 11.Nh4 Bg6 12.Nc3 Nc5 13.Bxc5 Bxc5 14.e4 O-O 15.Nxg6 hxg6
16.exd5 cxd5 17.Rac1 Qd7 18.Nxd5 Bd4 19.Rc7 Qd6 20.Rxb7 Nxd5 21.Qxd5 Rad8
22.Qxd6 Rxd6 23.Rc1 Bb6 24.Bf1 Re8 25.Kg2 g5 26.Rc2 g6 27.d4 Bxd4 28.Bc4 Rf6
29.Rd2 Bb6 30.b3 Kg7 31.Rbd7 Re5 32.R7d6 Rxd6 33.Rxd6 Re7 34.Kf3 Re1 35.Kg2 Re7
36.Kf1 Rc7 37.Rd5 Rc5 38.Rd2 Rf5 39.Kg2 Kf8 40.Re2 Rc5 41.Kf3 Rf5+ 42.Kg2 Rc5
43.g4 Rc6 44.Rd2 Ke7 45.f3 Rc8 46.Rd5 Rc5 47.Kf1 Rxd5 48.Bxd5 Bc5 49.Ke2 f5
50.Kd3 Bf2 51.Kc4 fxg4 52.hxg4 Kd6 53.Be4 Be3 54.Kb5 Kc7 55.Bxg6 Bf4 56.Be4 Be3
57.Ka6 Kb8 58.b4 Bd2 59.Kb5 Kc7 60.a4  1/2-1/2

[Event "MK Cafe Cup-A"]
[Site "Koszalin"]
[Date "1998.08.07"]
[Round "5"]
[White "Markowski, Tomasz"]
[Black "Beliavsky, Alexander G"]
[Result "1-0"]
[WhiteElo "2525"]
[BlackElo "2645"]

1.g3 d5 2.Nf3 c6 3.Bg2 Bg4 4.O-O Nd7 5.d3 e5 6.c4 dxc4 7.dxc4 Ngf6 8.Nc3 Be7
9.Qc2 O-O 10.b3 Re8 11.h3 Bh5 12.Nh4 Nc5 13.g4 Nfd7 14.Nf5 Bg6 15.Bb2 Bf8
16.Rad1 Qc7 17.Qd2 Nf6 18.Nh4 a5 19.Nxg6 hxg6 20.Qc2 Nh7 21.e3 Qe7 22.Ba3 Qh4
23.Bxc5 Bxc5 24.Ne4 Qe7 25.Rd3 Nf8 26.Rfd1 Bb4 27.c5 Red8 28.Rxd8 Rxd8 29.Rxd8 Qxd8
30.Qc1 b6 31.cxb6 Qxb6 32.Ng3 Ne6 33.Qxc6 Qxc6 34.Bxc6 Nc5 35.Kf1 Kf8 36.Ke2 g5
37.Nf1 Ke7 38.Nd2 Kd6 39.Ba8 f6 40.Nb1 Nd7 41.Kd3 Be1 42.Ke2 Bb4 43.Bg2 Nb6
44.Be4 Kd7 45.a3 Bc5 46.Kd3 Bf8 47.Kc3 Be7 48.Kb2 Bc5 49.Nd2 Bf8 50.Nf3 Kc7
51.Ne1 Nd7 52.Nc2 Nb6 53.Kc3 Kd7 54.Bg2 Kc7 55.Kd3 Kd7 56.Be4 Kc7 57.Bh7 Kd7
58.Bg8 Bc5 59.Kc3 Bf8 60.Kd3 Bc5 61.b4 axb4 62.Nxb4 Bf8 63.Bb3 Bd6 64.Kc3 Bc7
65.Na6 Bd6 66.a4 Na8 67.Kc4 Nc7 68.Nc5+ Kc6 69.Ne4 Be7 70.a5 Kb7 71.Nc5+ Ka7
72.Nd3 Bd6 73.Nb4 Kb7 74.Bd1 Ka7 75.Bf3 Bf8 76.Bc6 Bd6 77.Bb5 Bf8 78.Nd5 Nxd5
79.Kxd5 Bb4 80.a6 Kb6 81.Bd3 Be1 82.f3 Bf2 83.e4 Kc7 84.Ke6 Kd8 85.Kf7 Be3
86.Kxg7 Ke7 87.Kg6 Bd4 88.Kf5 Be3 89.Bf1 Kf7 90.h4 gxh4 91.g5 fxg5 92.Kxe5 Ke7
93.Bh3 Bf2 94.Kd5  1-0

[Event "RUS-ch51"]
[Site "St Petersburg"]
[Date "1998.08.07"]
[Round "11"]
[White "Pigusov, Evgeny"]
[Black "Popov, Valerij"]
[Result "1/2-1/2"]
[WhiteElo "2605"]
[BlackElo "2520"]

1.Nf3 d5 2.g3 Bg4 3.Bg2 Nd7 4.c4 e6 5.cxd5 exd5 6.Nc3 c6 7.d3 Bd6 8.Qc2 Ne7
9.e4 O-O 10.O-O Rc8 11.Be3 Bc5 12.Bxc5 Nxc5 13.Ne5 Bh5 14.f4 f6 15.Nf3 Qb6
16.Kh1 dxe4 17.dxe4 Rcd8 18.Rad1  1/2-1/2

[Event "Nagler mem"]
[Site "Zuerich"]
[Date "1998.08.07"]
[Round "1"]
[White "Moor, Roger"]
[Black "Kortschnoj, Viktor"]
[Result "0-1"]
[WhiteElo "2330"]
[BlackElo "2625"]

1.Nf3 d5 2.g3 c5 3.Bg2 Nc6 4.d4 e6 5.O-O Nf6 6.b3 cxd4 7.Nxd4 Bd7 8.Bb2 Bc5
9.c4 O-O 10.Nxc6 Bxc6 11.cxd5 Bxd5 12.Bxd5 Nxd5 13.Nc3 Nxc3 14.Bxc3 Qb6 15.b4 Be7
16.Qb3 Rac8 17.Rad1 Rfd8 18.Rxd8+ Rxd8 19.Qc4 Qd6 20.a3 Qd7 21.Ba1 b5 22.Qe4 a6
23.Kg2 Rc8 24.e3 Bf8 25.Qf3 Qd3 26.Qb7 Rc2 27.Qxa6 Qxe3 28.Qxb5 Qxa3 29.Bd4 Qxb4
30.Qxb4 Bxb4 31.Rb1 Bf8 32.Rb7 f6 33.h3 h5 34.Be3 Kh7 35.Rb5 e5 36.g4 h4
37.g5 Kg6 38.gxf6 gxf6 39.Rb8 Kf7 40.Rb7+ Be7 41.Kf3 Rc4 42.Ra7 Ke6 43.Ra6+ Bd6
44.Bh6 Kd7 45.Ra7+ Bc7 46.Ra6 Bd8 47.Bg7 Rf4+ 48.Kg2 Ke7 49.Bh6 Rc4 50.Be3 Kf7
51.Ra7+ Kg6 52.Ra6 Bc7 53.Kf3 Bb8 54.Kg2 e4 55.Ra8 Rb4 56.Ra6 Be5 57.Rc6 Rb2
58.Ra6 Rc2 59.Rb6 Ra2 60.Kf1 Ra1+ 61.Kg2 Ra4 62.Kf1 Bd4 63.Bxd4 Rxd4 64.Rb8 Rd1+
65.Kg2 Rd2 66.Re8 f5 67.Re7 Kg5 68.Kf1 Kf4 69.Rf7 Rd8 70.Kg2 Rh8 71.Kf1 Rg8
72.Ra7 Rd8 73.Rf7 Rd3 74.Kg2 e3 75.fxe3+ Rxe3 76.Ra7 Re2+ 77.Kf1 Kf3 78.Ra4 Re3
79.Rxh4 Ra3 80.Ke1 Ke3 81.Kf1 f4 82.Rh8 Ra1+ 83.Kg2 f3+ 84.Kg3 Rg1+ 85.Kh2 f2  0-1